Volcanoes by Picture - Statistics

General Stats
  • This quiz has been taken 350 times
  • The average score is 4 of 15
Answer Stats
Picture Answer % Correct
Etna
90%
Vesuvius
78%
St. Helens
66%
Crater Lake
31%
Tambora
27%
Kilauea
25%
Vestmannaeyjar
15%
Mayon
11%
Nyiragongo
11%
Eyjafjallajökull
10%
Sakura-jima
10%
Michoacán–Guanajuato
8%
Colima
4%
Ol Doinyo Lengai
3%
Sarychev Peak
2%
No matching quizzes found
Score Distribution
Percent of People with Each Score
Percentile by Number Answered
Your Score History
You have not taken this quiz